000 00860cam a2200277 4500
001 8547
005 20230410103902.0
008 060907s1995 nyu eng
020 _a0061010669
035 _9funglode8617
041 _aeng
050 1 4 _a416 DS 126.6
_bR116S 1977
082 0 0 _a956.94/05/092
100 1 _aSlater, Robert,
_d1943-2014.
245 1 _aRabin of Israel :
_bwarrior for place /
_cRobert Slater
260 _aNew York :
_bHarper Paperbacks,
_c1995
300 _aviii, 612 p.
600 1 0 _aRabin, Yitzhak,
_d1922-1995.
650 0 _aPrime ministers
_zIsrael
_xBiography.
650 0 _aGenerals
_zIsrael
_xBiography.
651 0 _aIsrael
_xArmed Forces
_xBiography.
600 1 4 _aRabin, Yitzhak, 1922-1995.
600 1 4 _aRabin, Yitzhak, 1922-1995
_xPrimer ministro.
651 4 _aIsrael
_xPolĂ­tica y gobierno.
942 _2lcc
_cbk
999 _c27761
_d27761